Capitals Beginning with Two Consonants Quiz Stats

 Plays Quiz not verified by Sporcle

Support Sporcle.
Go Orange.
Score 0/23 Timer 10:00
0 Plays Today
Capital % Correct
Brasilia
92.7%
Bratislava
92.2%
Prague
91.7%
Stockholm
90.8%
Chisinau
88.5%
Pretoria
88.1%
Brussels
86.2%
Dhaka
84.9%
Tbilisi
83.5%
Tripoli
82.6%
Brazzaville
82.1%
Pyongyang
80.7%
Capital % Correct
Djibouti
79.8%
Freetown
79.4%
Mbabane
79.4%
Thimphu
79.4%
Ljubljana
78.9%
Praia
78.9%
Khartoum
78%
Phnom Penh
77.5%
Skopje
74.3%
Bridgetown
72%
Sri Jayawardenapura Kotte
47.2%

You're not logged in!

Compare scores with friends on all Sporcle quizzes.
OR
Log In

From the Vault

Spanish-English Name Dictionary

by nightfloat

Knowledge learned in our middle school Spanish class helped immensely.
Remove Ads.
Support Sporcle.
Get the best of Sporcle when you Go Orange. This ad-free experience offers more features, more stats, and more fun while also helping to support Sporcle. Thank you for becoming a member.

Show Comments

Extras

Top Quizzes Today


Score Distribution

Your Account Isn't Verified!

In order to create a playlist on Sporcle, you need to verify the email address you used during registration. Go to your Sporcle Settings to finish the process.

Report this User

Report this user for behavior that violates our Community Guidelines.

Details: